Checkmate or Stalemate? - Click Quiz - Statistics

General Stats
  • This quiz has been taken 25 times
    18 since last reset
  • The average score is 14 of 20
Answer Stats
Hint Answer % Correct
Image
Black to move
Checkmate
88%
Image
Black to move
Checkmate
88%
Image
White to move
Checkmate
82%
Image
White to move
Neither
82%
Image
White to move
Stalemate
82%
Image
Black to move
Checkmate
76%
Image
White to move
Neither
76%
Image
White to move
Stalemate
76%
Image
White to move
Stalemate
76%
Image
Black to move
Checkmate
71%
Image
White to move
Neither
71%
Image
Black to move
Stalemate
71%
Image
Black to move
Stalemate
71%
Image
Black to move
Checkmate
65%
Image
Black to move
Stalemate
65%
Image
Black to move
Stalemate
65%
Image
White to move
Stalemate
65%
Image
Black to move
Checkmate
59%
Image
White to move
Checkmate
59%
Image
White to move
Stalemate
53%
No matching quizzes found
Score Distribution
Percent of People with Each Score
Percentile by Number Answered
Your Score History
You have not taken this quiz since the last reset